Logo BPK

Biblioteka

Politechniki Koszalińskiej

Europäisches Hochmittelalter : (Rekord nr 50416)

Szczegóły MARC
000 -ETYKIETA REKORDU
podpole kontrolne o stałej długości 00690nam a2200217 i 4500
001 - NUMER KONTROLNY REKORDU
pole kontrolne bgj
040 ## - ŹRÓDŁO KATALOGOWANIA
Instytucja, która utworzyła rekord BPK
041 ## - KOD JĘZYKA
Kod języka tekstu ger
080 ## - UNIWERSALNA KLASYFIKACJA DZIESIĘTNA - UKD
UKD 82
008 - POLE O STAŁEJ DŁUGOŚCI - DANE KONTROLNE
podpole kontrolne o stałej długości s gw f |000 0 ger
245 10 - TYTUŁ/ODPOWIEDZIALNOŚĆ
Tytuł Europäisches Hochmittelalter :
Ciąg dalszy tytułu Sonderdruck Deutsche Lyrik von Wolfgang Haubrichs /
Pozostałe elementy strefy tytułu i oznaczenia odpowiedzialności hrsg. von Henning Krauss.
246 10 - WARIANT TYTUŁU
Tytuł Deutsche Lyrik
260 ## - STREFA ADRESU WYDAWNICZEGO
Miejsce wydania Wiesbaden :
Nazwa wydawcy/dystrybutora Akademische Verlagsgesellschaft Athenaion.
300 ## - STREFA OPISU FIZYCZNEGO
Objętość 120, [1] s. :
Inne cechy fizyczne il. ;
Rozmiary 24 cm.
490 1# - STREFA SERII I DOKUMENTU WIELOCZĘŚCIOWEGO - FORMA NIE DO WYSZUKIWANIA
Tytuł i oznaczenie odpowiedzialności serii Neues Handbuch der Literatur Wissenschaft
650 9# - HASŁO PRZEDMIOTOWE W FORMIE NAZWY OGÓLNEJ LUB JEDNOSTKOWEJ
Nazwa ogólna lub geograficzna Literatura
700 0# - HASŁO DODATKOWE - NAZWA OSOBOWA
Nazwa osobowa KRAUSS, Hennig.
700 0# - HASŁO DODATKOWE - NAZWA OSOBOWA
Nazwa osobowa HAUBRICHS, Wolfgang.
830 ## - HASŁO DODATKOWE SERII LUB DOKUMENTU WIELOCZĘŚCIOWEGO - TYTUŁ UJEDNOLICONY
Tytuł ujednolicony Neues Handbuch der Literatur Wissenschaft
856 ## - LOKALIZACJA I DOSTĘP DO ELEKTRONICZNYCH DOKUMENTÓW ZDALNYCH
Link (URL) http://koha.tu.koszalin.pl/cgi-bin/koha/opac-detail.pl?biblionumber=50416
Tekst linku Katalog online BPK
942 ## - DODATKOWE ELEMENTY (KOHA)
Typ dokumentu Książka
Egzemplarze
Wycofany Status egzemplarza Uszkodzony Dostępność Lokalizacja stała Lokalizacja bieżąca Miejsce przechowywania Sygnatura Kod kreskowy Typ dokumentu
      Dostępny Biblioteka Politechniki Koszalińskiej Biblioteka Politechniki Koszalińskiej Wypożyczalnia Językowa N 329 02120522 Książka
© 2023 Biblioteka Politechniki Koszalińskiej :: KOHA